|
|
|
|
| LEADER |
01144nam a22003137a 4500 |
| 001 |
43558 |
| 003 |
BD-DhAAL |
| 005 |
20241016163329.0 |
| 008 |
241015t enka|||| |||| 00| 0 eng d |
| 020 |
|
|
|a 0340781718
|
| 020 |
|
|
|a 9780340781715
|
| 040 |
|
|
|a BD-DhAAL
|d BD-DhAAL
|
| 082 |
|
|
|a 658.3008
|2 22
|
| 100 |
|
|
|a Speechley, Chris.
|9 56957
|
| 245 |
|
|
|a Developing a culture of diversity in a week /
|c Chris Speechley, Ruth Wheatley.
|
| 260 |
|
|
|a London :
|b Hodder & Stoughton,
|c 2001.
|
| 300 |
|
|
|a 96 pages :
|b illustrations ;
|c 20 cm.
|
| 490 |
|
|
|a In a week;
|
| 490 |
|
|
|a Successful business in a week
|
| 541 |
|
|
|a Savar campus library
|e 43558
|
| 650 |
|
|
|a Diversity in the workplace.
|
| 650 |
|
|
|a Teams in the workplace.
|
| 650 |
|
|
|a Diversity in the workplace
|z United States.
|9 56959
|
| 650 |
|
|
|a Organization.
|
| 700 |
|
|
|a Wheatley, Ruth.
|9 56958
|
| 710 |
|
|
|a Institute of Management (Great Britain).
|9 15062
|
| 942 |
|
|
|2 ddc
|c BK
|
| 999 |
|
|
|c 47013
|d 47013
|
| 952 |
|
|
|0 0
|1 0
|2 ddc
|4 0
|6 658_300800000000000_SPE
|7 0
|9 76686
|a SCL
|b SCL
|c GEN
|d 2024-10-15
|e Savar cumpas library
|g 185.00
|l 0
|o 658.3008 SPE
|p 3020043558
|r 2024-10-15
|t 1
|w 2024-10-15
|y BK
|